000 00691cab a2200241 4500
001 X1081
008 090401t1993 xxu||||| |||| 00| 0 eng d
035 _a(Sirsi) u14595
041 _aeng
245 _aRegulation tenancies : no plans for further legislation
260 _c1993
350 _a0
490 _aCS Monthly : General Practice
_v3(2) October 1993, 3(1)
650 _aFAIR RENTS
650 _aGEORGE YOUNG
650 _aHOUSING ACT 1988
650 _aREGISTERED RENTS
650 _aREGULATED TENANCIES
650 _aRENT INCREASES
690 _aPROPERTY-RESIDENTIAL PROPERTY-RESIDENTIAL LANDLORD AND TENANT-RESIDENTIAL TENANCIES
942 _n0
948 _c04/03/1997
999 _c9524
_d9524